01313nam a2200301 i 4500001000700000003000700007005001700014008004100031080002500072100003000097245013700127250004000264260004400304300002200348490009500370500001400465504003400479600004100513700002600554700003400580700003900614710002200653830010000675852007600775942000800851999001900859952013300878185230SpMaBN20251207124551.0160420s2003 sp j |||| |bspa d a929 Einstein, Albert1 aHighfield, Roger.915940214aLas vidas privadas de Albert Einstein / cRoger Highfield y Paul Carter ; prólogo de César Nombela ; [traductor, Javier Alfaya]. aEd. especial para este periódico. a[Barcelona] : bABC : bFolio, c[2003] a380 p. ; c21 cm.1 aBiblioteca ABC. Protagonistas del s. XX ; v18. Las biografías que construyeron el siglo aÍndice. aBibliografía: p. [361]-364.14aEinstein, Albert, d1879-19559468381 aCarter, Paul.91594031 aNombela Cano, César.9859321 aAlfaya, Javier, d1939-20189198272 aDiario ABC.9113700aBiblioteca ABC. Protagonistas del s. XXv18. Las biografías que construyeron el siglo9192266 aES-MaACLjA-137069192250bR.150376cDEPO1dOlim: N-6706 x- enc. cart. 2udc c185230d185230 00102udc4070aATENEOMbATENEOMcDEPO1d2016-04-20eDONACIONl0oA-13706p1195137r2023-02-23 00:00:00w2023-02-23yMONOGRAFIA